00675nam a2200229Ia 4500003000400000005001700004008004100021020002200062040000700084041000800091082002100099100002500120245002500145260003500170300001400205365001400219650002100233906002400254942001200278999001900290952013600309OSt20230502154458.0210423s2020 xx 000 0 und d a978-1-071-60454-0 cAL aeng a540.9 223bHUDH aHUDSON (John)996370 aHistory of chemistry aNew YorkbChapman & Hallc2020 ax,285bHB b1995cINR aChemistry996371 achemistry ; History 2ddccBK c170713d170713 001040708ACaSACPGbSACPGd2020-03-11eBiblios Book Pointg1995.00l0o540.9 HUDHpPG017215r2022-08-24 00:00:00w2021-04-26yBK